الغنية : لطالبي طريق الحق عزوجل

Bibliographic Details
Main Authors: عبد القادر الجيلاني (Author), عبد الهادي, رياض عبد الله (Author), عمر, محمد خالد (Author)
Format: Book
Published: Halab : Maktabah Usamah Ibn Zayd , 1996
Subjects:

MARC

LEADER 00000cam a2200000 7i4500
001 0000041721
005 20070924093000.0
090 0 0 |a BP189.7   |b .A26 1996 
100 0 |a عبد القادر الجيلاني ,   |e author 
245 1 2 |a الغنية :   |b لطالبي طريق الحق عزوجل   |c للامام عبد القادر بن موسى بن عبد الله الجيلاني   |f قدم لها وخرج اياتها محمد خالد عمر   |f اعدفهارسها رياض عبد الله عبد الهادي 
260 2 |a Halab :   |b Maktabah Usamah Ibn Zayd ,   |c 1996 
300 |a 583 p. ;   |c 25 cm. 
650 0 |a Islamic ethics   |v Early works to 1800 
650 0 |a Sufism   |v Early works to 1800 
700 1 |a عبد الهادي, رياض عبد الله ,   |e author 
700 1 |a عمر, محمد خالد ,   |e author 
745 0 3 |a al-Ghunyah: li talibi tariq al-haqq `azza wajalla 
999 |a 1000080826   |b Book   |c OPEN SHELF (30 DAYS)   |e Gong Badak Campus 
999 |a 1000082320   |b Book   |c OPEN SHELF (30 DAYS)   |e Gong Badak Campus